Mujeres de la independencia / (Registro nro. 13971)

Detalles MARC
000 -LIDER
fixed length control field 01588nam a2200337 a 4500
001 - NÚMERO DE CONTROL
Identificador de número de control
003 - IDENTIFICACDOR DE NÚMERO DE CONTROL
control field OSt
005 - DATE AND TIME OF LATEST TRANSACTION
control field 20231010093837.0
007 - CAMPOS FIJOS DE DESCRIPCIÓN FÍSICA
fixed length control field ta
008 - ELEMENTOS DE LONGITUD FIJA
fixed length control field 100521s2009 dr ac r 001 0 spa d
020 ## - ISBN
International Standard Book Number 9789945020854
040 ## - FUENTE DE CATALOGACIÓN
Agencia que crea de manera original el registro DO-SdBNP
Idioma de catalogación spa
Agencia que realiza la transcripción BPMSU
082 #4 - NÚMERO DE CLASIFICACIÓN DECIMAL DE DEWEY
Classification number R920.729304
Item number A385m 2009
Edition number 22
100 1# - ASIENTO PRINCIPAL -- NOMBRE PERSONAL
Nombre personal Alfau Durán, Vetilio,
Fechas asociadas con el nombre 1909-1985
245 10 - MENCIÓN DE TITULO
Título Mujeres de la independencia /
Mención de responsabilidad Vetilio Alfau Durán ; presentación Jacqueline del C. Abad Blanco ; ilustraciones Cristian Hernández.
250 ## - MENCIÓN DE EDICION
Mención de edición 3a ed.
260 ## - PUBLICACIÓN, DISTRIBUCIÓN, ETC. (PIE DE IMPRENTA)
Lugar de publicación, distribución, etc Santo Domingo :
Nombre del editor, distribuidor, etc. Archivo General de la Nación,
Fecha de publicación, distribución, etc 2009
300 ## - DESCRIPCIÓN FÍSICA
Extensión 70 p. :
Otros detalles físicos il. ;
Dimensiones 21 cm.
490 0# - MENCIÓN DE SERIES
Mención de serie Cuadernos popular,
Volume/sequential designation 2
500 ## - NOTA GENERAL
Nota general Incluye referencias bibliográficas y notas al pie de las páginas
505 2# - NOTA DE CONTENIDO
Texto normalizado de contenido Micaela de Rivera--Manuela Díez y Jiménez -- Josefa Antonio Pérez de la Paz -- María Baltasara de los Reyes -- María Trinidad Sánchez -- Ana Valverde -- Filomena Gómez de Cova -- Rosa Montás de Duvergé -- Froilana Febles -- Petronila Abreu y Delgado -- Rosa Bastardo de Guillermo -- Rosa Duarte y Díez -- Concepción Bona -- María de Jesús Pina.
590 ## - NOTA LOCAL
Enlace Inventariado, 2022/VM
650 #4 - ENCABEZAMIENTO DE MATERIA--TEMÁTICO
Término temático o nombre geográfico como elemento de entrada Mujeres en la independencia
Subdivisión geográfica República Dominicana
Subdivisión de forma Biografías
Subdivisión temática general
650 #4 - ENCABEZAMIENTO DE MATERIA--TEMÁTICO
Término temático o nombre geográfico como elemento de entrada Heroínas
Subdivisión geográfica República Dominicana
Subdivisión de forma Biografías
651 #4 - ENCABEZAMIENTO DE MATERIA--NOMBRE GEOGRÁFICO
Nombre geográfico República Dominicana
Subdivisión temática general Historia
700 1# - ASIENTO SECUNDARIO -- NOMBRE PERSONAL
Nombre personal Abad Blanco, Jacquiline del C.
700 1# - ASIENTO SECUNDARIO -- NOMBRE PERSONAL
Nombre personal Hernández Cristian,
Mención de responsabilidad il.
710 2# - ASIENTO SECUNDARIO -- NOMBRE CORPORATIVO
Nombre corporativo o de jurisdicción Archivo General de la Nación (República Dominicana)
910 ## - VALIDACIÓN
Validación VMateo V.Control de calidad. BPMSU
942 ## - ADDED ENTRY ELEMENTS (KOHA)
Source of classification or shelving scheme Dewey Decimal Classification
Koha item type Libros
Existencias
Withdrawn status Lost status Source of classification or shelving scheme Damaged status Not for loan Collection code Home library Current library Date acquired Source of acquisition Full call number Barcode Date last seen Price effective from Koha item type Total Checkouts Copy number
    Dewey Decimal Classification     Colección Dominicana Biblioteca Pública Metropolitana Salomé Ureña Biblioteca Pública Metropolitana Salomé Ureña 01/20/2022 Fundacón Juan Bosch BPMSU CDR R920.729304 A385m 2009 BPMSU22010058 01/20/2022 01/20/2022 Libros    
    Dewey Decimal Classification     Colección Dominicana Biblioteca Pública Metropolitana Salomé Ureña Biblioteca Pública Metropolitana Salomé Ureña 01/20/2022 Fundacón Juan Bosch BPMSU CDR R920.729304 A385m 2009 BPMSU25090019 09/04/2025 01/20/2022 Libros   e.2